| 000 | 00959nam a2200277 a 4500 | ||
|---|---|---|---|
| 001 | 000014850 | ||
| 005 | 20200929163916.0 | ||
| 008 | 100123s1954 sp 000 f spa d | ||
| 040 |
_aDO-SdBNP _bspa _cBNPHU |
||
| 041 | 1 | 7 |
_aspa _hfre _2Código de idioma MARC |
| 082 |
_a859.3 _bV816h, 1954 |
||
| 100 | 1 |
_aVirgil Gheorghiu, C., _q(Constantin Virgil Gheorghiu) _d1916-1992 _933650 |
|
| 240 | 1 | 3 |
_aLa vingt-cinquieme heure, _lEspañol. |
| 245 | 1 | 3 |
_aLa hora veinticinco / _cC. Virgil Gheorghiu ; traducción de Jesús Ruiz y Ruiz. |
| 250 | _a5a ed. | ||
| 260 |
_aBarcelona : _bLuis de Caralt, _c1954. |
||
| 300 |
_a296 p. ; _c18 cm. |
||
| 490 | 1 | _aLibros de hoy | |
| 490 | 1 | _aLiteraria | |
| 534 |
_pTítulo original en francés: _tLa vingt-cinquieme heure |
||
| 650 | 4 |
_aNovela rumana _933651 |
|
| 650 | 4 |
_aLiteratura rumana _ySIGLO XX _933652 |
|
| 700 | 1 |
_aRuiz y Ruiz, Jesús, _etr. _99892 |
|
| 830 | 0 |
_aLibros de hoy ; _pLiteraria _933653 |
|
| 049 | _aBNGR | ||
| 999 |
_c14430 _d14430 |
||